Lista de los abogados del Ilustre Colegio de Abogados de León en el año económico de 1889-90. (Record no. 182222)

MARC details
000 -LEADER
campo de control de longitud fija 00636nam a2200169 i 4500
001 - NÚMERO DE CONTROL
campo de control 182222
003 - IDENTIFICADOR DE NÚMERO DE CONTROL
campo de control ES-MaACL
005 - FECHA Y HORA DE LA ÚLTIMA TRANSACCIÓN
campo de control 20230906221547.0
008 - DATOS DE LONGITUD FIJA--INFORMACIÓN GENERAL
campo de control de longitud fija 130627s1890 sp |||| | spa d
110 2# - ENTRADA PRINCIPAL--NOMBRE DE ENTIDAD CORPORATIVA
Nombre de entidad corporativa o nombre de jurisdicción como elemento de entrada Colegio de Abogados de León.
9 (RLIN) 153039
245 10 - MENCIÓN DEL TÍTULO
Título Lista de los abogados del Ilustre Colegio de Abogados de León en el año económico de 1889-90.
260 ## - PUBLICACIÓN, DISTRIBUCIÓN, ETC.
Lugar de publicación, distribución, etc. [León :
Nombre del editor, distribuidor, etc. s.n.,
Fecha de publicación, distribución, etc. 1890] (
Fabricante Estab. tip. de Hs. de Miñón, imp. del Ilustre Colegio de Abogados)
300 ## - DESCRIPCIÓN FÍSICA
Extensión 32 p. ;
Dimensiones 27 cm.
610 24 - PUNTO DE ACCESO ADICIONAL DE MATERIA--NOMBRE DE ENTIDAD CORPORATIVA
Nombre de entidad corporativa o nombre de jurisdicción como elemento de entrada Colegio de Abogados de León.
9 (RLIN) 153039
650 #4 - PUNTO DE ACCESO ADICIONAL DE MATERIA--TÉRMINO DE MATERIA
Término de materia o nombre geográfico como elemento de entrada Abogados-
Subdivisión geográfica León (Provincia)
9 (RLIN) 172308
852 ## - LOCALIZACIÓN
Ubicación ES-MaACL
Número de control de estantería T-504-F-13
Holdings
Estatus retirado Estado de pérdida Estado de daño No para préstamo Colección Biblioteca de origen Biblioteca actual Ubicación en estantería Fecha de adquisición Fuente de adquisición Total de préstamos Signatura topográfica completa Código de barras Visto por última vez Precio de reemplazo Tipo de ítem Koha
        Colección de folletos Biblioteca del Ateneo de Madrid Biblioteca del Ateneo de Madrid Depósito folletos 27/06/2013     T-504-F-13 1191494 23/02/2023 23/02/2023 Folleto